[Event "First Saturday 2008 szeptember IM-B"]
[Site "Budapest"]
[Date "2008.09.14"]
[Round "2.4"]
[White "Petran, Pal"]
[Black "Li, Panru"]
[Result "1-0"]
[WhiteElo "2361"]
[BlackElo "2104"]
[PlyCount "72"]
[EventDate "2008.09.06"]

1. d4 e6 2. c4 d5 3. Nc3 Be7 4. cxd5 exd5 5. Bf4 Nf6 6. e3 Bf5 7. Nge2 O-O 8.
Ng3 Be6 9. Bd3 c5 10. dxc5 Bxc5 11. O-O Nc6 12. a3 d4 13. Nce4 Be7 14. Nxf6+
Bxf6 15. e4 Be5 16. Bd2 Bxg3 17. hxg3 Ne5 18. Bf4 f6 19. Bxe5 fxe5 20. Qh5 Qd6
21. f4 Bf7 22. Qxe5 Qxe5 23. fxe5 Rac8 24. Rac1 a6 25. Be2 Be6 26. Rxf8+ Rxf8
27. Bc4 Re8 28. Bxe6+ Rxe6 29. Rd1 Rxe5 30. Rxd4 Kf8 31. Kf2 Ke7 32. Rc4 Kd7
33. Ke3 Re8 34. Rd4+ Ke7 35. Rb4 b5 36. a4 bxa4 1-0

[Event "First Saturday 2008 szeptember IM-B"]
[Site "Budapest"]
[Date "2008.09.14"]
[Round "2.4"]
[White "Galyas, Miklos"]
[Black "Ruecker, Benjamin"]
[Result "1-0"]
[WhiteElo "2463"]
[BlackElo "2246"]
[PlyCount "101"]
[EventDate "2008.09.06"]

1. d4 Nf6 2. c4 e6 3. Nc3 Bb4 4. Qc2 d5 5. a3 Bxc3+ 6. Qxc3 Ne4 7. Qc2 c5 8.
dxc5 Nc6 9. e3 Qa5+ 10. Bd2 Nxd2 11. Qxd2 dxc4 12. Bxc4 Qxc5 13. Rc1 Qe7 14.
Nf3 O-O 15. O-O Rd8 16. Qc3 Bd7 17. b4 a6 18. Ba2 b5 19. Bb1 Rac8 20. Rfd1 Be8
21. Rxd8 Qxd8 22. h4 Ne7 23. Qb2 Rxc1+ 24. Qxc1 f6 25. Nd4 Bf7 26. Ba2 e5 27.
Bxf7+ Kxf7 28. Nb3 Nf5 29. g3 Nd6 30. Qd1 Qd7 31. Nc5 Qc6 32. Qd3 e4 33. Qd4 h5
34. Qd1 g6 35. Qc2 Ke7 36. Kg2 Kf7 37. Qb3+ Nc4 38. a4 Ke7 39. Qc3 Nd6 40. axb5
axb5 41. Qa1 Qc8 42. Qa7+ Kd8 43. Qg7 Qf5 44. Qf8+ Kc7 45. Qe7+ Kc6 46. Ne6
Qf3+ 47. Kg1 Qd1+ 48. Kh2 f5 49. Qc7+ Kd5 50. Nf4+ Ke5 51. Qe7# 1-0

[Event "First Saturday 2008 szeptember IM-B"]
[Site "Budapest"]
[Date "2008.09.15"]
[Round "2.5"]
[White "Ruecker, Benjamin"]
[Black "Petran, Pal"]
[Result "1/2-1/2"]
[WhiteElo "2246"]
[BlackElo "2361"]
[PlyCount "26"]
[EventDate "2008.09.06"]

1. d4 Nf6 2. c4 c5 3. d5 e6 4. Nf3 exd5 5. cxd5 d6 6. Nc3 g6 7. g3 Bg7 8. Bg2
O-O 9. O-O Re8 10. Nd2 a6 11. a4 Nbd7 12. Nc4 Nb6 13. Nxb6 Qxb6 1/2-1/2

[Event "First Saturday 2008 szeptember IM-B"]
[Site "Budapest"]
[Date "2008.09.15"]
[Round "2.5"]
[White "Li, Panru"]
[Black "Farago, Sandor"]
[Result "1-0"]
[WhiteElo "2104"]
[BlackElo "2271"]
[PlyCount "79"]
[EventDate "2008.09.06"]

1. d4 d5 2. c4 c6 3. Nf3 Nf6 4. Nc3 a6 5. e3 g6 6. a4 Bg7 7. Be2 O-O 8. O-O
Nbd7 9. a5 e6 10. b3 Ne4 11. Bb2 f5 12. Nd2 Kh8 13. f3 Nxc3 14. Bxc3 c5 15. Qc2
f4 16. dxc5 fxe3 17. Bxg7+ Kxg7 18. Qc3+ e5 19. Qxe3 d4 20. Qe4 Qg5 21. f4 Qh6
22. Rad1 Nf6 23. Qxe5 Re8 24. Qc7+ Bd7 25. Bf3 Rac8 26. Qxb7 Qxf4 27. c6 Rc7
28. cxd7 Rxb7 29. dxe8=N+ Nxe8 30. Bxb7 Qc7 31. Bf3 Nd6 32. Ne4 Nf5 33. Rd3
Qxa5 34. Ng3 Ne3 35. Rc1 Qa3 36. Ne2 Qc5 37. b4 Qxb4 38. c5 Nc2 39. c6 Qc4 40.
Rxd4 1-0